Culture générale : l'Irak - QCM - Statistiques

Statistiques générales
  • Ce quiz a été pris 114 fois
    38 depuis la dernière actualisation
  • Le résultat moyen est 12 sur 20
Statistiques - réponses
Question Réponse % Correct
Continent ? Asie
100%
Capitale ? Bagdad
97%
Monnaie ? Dinars
97%
Drapeau ? 🇮🇶
85%
// Épices
68%
Mausolée... Al-Kadhimiya
65%
Ville la plus peuplée ? Bagdad
65%
Nom officiel ? République d'Irak
65%
Langue(s) officielle(s) Arabe et Kurde
62%
Typique de l'Irak Tapis persan
59%
"Allahu akbar" depuis quand ? 1991
56%
// Abaya
53%
Président actuel ? Abdel Latif Rachid
53%
Montagnes prononciation arabe ? Jbaal
50%
// Vases d'Uruk
50%
// Thé noir
44%
Non prononciation arabe ? Lla
41%
// Kleicha
29%
// Klashs
26%
Table prononciation arabe ? Tablé
24%
Aucun quiz correspondant
Distribution des résultats
% des personnes avec chaque résultat
Percentile par nombre de réponses
Votre historique - résultats
Vous n’avez pas pris ce quiz depuis la dernière actualisation